Missing Word: 'Little' Movies Quiz Stats

 Plays Quiz Updated Apr 27, 2016

Challenge
Share
Tweet
Embed
Score 0/14 Timer 04:00
0 Plays Today
Movie Missing Word % Correct
Santa's Little ____Helper
96.2%
Little ____ SunshineMiss
95.9%
Little ____ Of HorrorsShop
92.4%
The Man Who ____ Too LittleKnew
82.2%
Big Trouble In Little ____China
81%
Fat ____ And Little BoyMan
77%
The Little ____ Who Lives Down The LaneGirl
76.5%
Movie Missing Word % Correct
Little ____ LeagueBig
74.5%
3 Men And A Little ____Lady
68.8%
Live A Little, ____ A LittleLove
60.2%
Little Black ____Book
59.9%
____ LittleChicken
56.5%
A Little Night ____Music
52.5%
____ A Little ____Dream
27.9%

Today's Daily Dose

You're not logged in!

Compare scores with friends on all Sporcle quizzes.
Join for Free
OR
Log In

You Might Also Like...

Show Comments

Extras

Top Quizzes Today


Score Distribution

Your Account Isn't Verified!

In order to create a playlist on Sporcle, you need to verify the email address you used during registration. Go to your Sporcle Settings to finish the process.

Report this User

Report this user for behavior that violates our Community Guidelines.

Details: